000 00384 a2200121 4500
001 ART_17977
005 20260410161924.0
008 260409a
245 1 0 _aState currencies and the transition to the U.S Dollar
100 1 _aMichener, Ronald W.
700 1 _aWright, Robert E.
773 0 _tThe American Economic Review
_g- Vol. 95, NÂș 3 (jun. 2005)
_wREV16190
999 _c27992
_d27992